000
00200 a2200097 4500
001
3557
100
_a
Anderson, E.P
245
_a
Audels radiomans guide
260
_a
_b
Audel
_c
090
_c
2821
_d
2821
942
_a
NUST-CAE
_c
M
_c
20236
999
_c
238630
_d
238630